|
|
|
|
| LEADER |
00867nam a2200337 4500 |
| 001 |
DLU090103013 |
| 005 |
##20091229 |
| 040 |
# |
# |
|a DLU
|b vie
|
| 041 |
# |
# |
|a vie
|
| 044 |
# |
# |
|a vn
|
| 082 |
# |
# |
|a 394.12
|b MA-K
|
| 100 |
# |
# |
|a Mai Khôi.
|
| 245 |
# |
# |
|a Văn hoá ẩm thực Việt Nam.
|n t.III,
|p Các món ăn miền Nam /
|c Mai Khôi, Trần Quốc Vượng, Băng Sơn.
|
| 260 |
# |
# |
|a H. :
|b Thanh niên,
|c 2001.
|
| 300 |
# |
# |
|a 533 tr. ;
|c 19 cm.
|
| 650 |
# |
# |
|a Nấu ăn, Việt Nam.
|
| 650 |
# |
# |
|a Thói quen ăn uống
|z Việt Nam.
|
| 700 |
# |
# |
|a Băng Sơn.
|
| 700 |
# |
# |
|a Trần Quốc Vượng,
|c GS.
|
| 923 |
# |
# |
|a 15/2009
|
| 990 |
# |
# |
|a t.III
|
| 991 |
# |
# |
|a SH
|
| 992 |
# |
# |
|a 50000
|
| 994 |
# |
# |
|a DLU
|
| 900 |
# |
# |
|a True
|
| 911 |
# |
# |
|a Đào Thị Thu Huyền
|
| 925 |
# |
# |
|a G
|
| 926 |
# |
# |
|a A
|
| 927 |
# |
# |
|a SH
|
| 980 |
# |
# |
|a Thư viện Trường Đại học Đà Lạt
|